Detalles MARC
| 000 -LEADER |
| campo de control de longitud fija |
02073nas a2200541 i 4500 |
| 001 - NÚMERO DE CONTROL |
| campo de control |
196136 |
| 003 - IDENTIFICADOR DE NÚMERO DE CONTROL |
| campo de control |
ES-MaACL |
| 005 - FECHA Y HORA DE LA ÚLTIMA TRANSACCIÓN |
| campo de control |
20250724062616.0 |
| 007 - CAMPO FIJO DE DESCRIPCIÓN FÍSICA--INFORMACIÓN GENERAL |
| campo de control de longitud fija |
ta |
| 008 - DATOS DE LONGITUD FIJA--INFORMACIÓN GENERAL |
| campo de control de longitud fija |
240814|19869999sp qr p 0uuub0spa |
| 010 ## - NÚMERO DE CONTROL DE LA BIBLIOTECA DEL CONGRESO |
| Número de control de LC |
c |
| Número de control de NUCMC |
1 |
| 016 7# - NÚMERO DE CONTROL DE UNA AGENCIA BIBLIOGRÁFICA NACIONAL |
| Número de control del registro |
biseBNE19950052029 |
| Fuente |
SpMaBN |
| Número de control cancelado/no válido |
BNR10157 |
| 017 ## - NÚMERO DE COPYRIGHT O DE DEPÓSITO LEGAL |
| Número de copyright o de depósito legal |
M 44655-1986 |
| Agencia que asigna |
Oficina Depósito Legal Madrid |
| 022 0# - NÚMERO INTERNACIONAL NORMALIZADO PARA PUBLICACIONES SERIADAS |
| Número Internacional Normalizado para Publicaciones Seriadas |
0213-4721 |
| 035 ## - NÚMERO DE CONTROL DEL SISTEMA |
| Número de control de sistema |
(OCoLC)436592156 |
| 035 ## - NÚMERO DE CONTROL DEL SISTEMA |
| Número de control de sistema |
(SpMaBN)bise0000038158 |
| 035 ## - NÚMERO DE CONTROL DEL SISTEMA |
| Número de control de sistema |
991029722999708606 |
| 037 ## - FUENTE DE ADQUISICIÓN |
| Fuente del número de adquisición |
Monte Esquinza, 30; tf. 91-3104696, fax91-3194585; c.e.: editorial@fpabloiglesias.es, p. web: www.arce.es/Letra.html |
| Condiciones de disponibilidad |
450 pta fasc |
| 040 ## - FUENTE DE CATALOGACIÓN |
| Centro catalogador/agencia de origen |
SpMaBN |
| Lengua de catalogación |
spa |
| Centro/agencia transcriptor |
SIC |
| 080 ## - NÚMERO DE LA CLASIFICACIÓN DECIMAL UNIVERSAL |
| Número de la Clasificación Decimal Universal |
008 |
| 210 0# - TÍTULO ABREVIADO |
| Título abreviado |
Let. int. |
| 222 #0 - TÍTULO CLAVE |
| Título clave |
Letra internacional |
| 245 00 - MENCIÓN DEL TÍTULO |
| Título |
Letra internacional |
| 260 ## - PUBLICACIÓN, DISTRIBUCIÓN, ETC. |
| Lugar de publicación, distribución, etc. |
Madrid : |
| Nombre del editor, distribuidor, etc. |
Editorial Pablo Iglesias, |
| Fecha de publicación, distribución, etc. |
D.L. 1986- |
| 300 ## - DESCRIPCIÓN FÍSICA |
| Extensión |
v. ; |
| Dimensiones |
37 cm |
| 310 ## - PERIODICIDAD ACTUAL |
| Periodicidad actual |
trimestral |
| Fecha de comienzo de la periodicidad actual |
2000- |
| 321 ## - PERIODICIDAD ANTERIOR |
| Periodicidad anterior |
Trimestral |
| Fechas de la periodicidad anterior |
1986-1994 |
| 321 ## - PERIODICIDAD ANTERIOR |
| Periodicidad anterior |
bimestral |
| Fechas de la periodicidad anterior |
1995-1999 |
| 336 ## - TIPO DE CONTENIDO |
| Fuente |
rdacontent |
| Término de tipo de contenido |
texto |
| 337 ## - TIPO DE MEDIO |
| Fuente |
rdamedia |
| Nombre/término del tipo de medio |
sin mediación |
| 338 ## - TIPO DE SOPORTE |
| Fuente |
rdacarrier |
| Nombre/término del tipo de soporte |
volumen |
| 362 0# - FECHAS DE PUBLICACIÓN Y/O DESIGNACIÓN SECUENCIAL |
| Fecha de publicación y/o designación secuencial |
N. 1 (en.-marzo 1986)- |
| 500 ## - NOTA GENERAL |
| Nota general |
Se edita en varias lenguas |
| 594 ## - Nota al título y mención de responsabilidad |
| Nota al título y mención de responsabilidad |
Título tomado de la cubierta |
| 597 ## - NOTA DE DESCRIPCIÓN FÍSICA |
| Nota de descripción física |
Variaciones en el formato |
| 650 #7 - PUNTO DE ACCESO ADICIONAL DE MATERIA--TÉRMINO DE MATERIA |
| Término de materia o nombre geográfico como elemento de entrada |
Cultura |
| Fuente del encabezamiento o término |
embne |
| 9 (RLIN) |
170963 |
| 655 #7 - TERMINO DE INDIZACIÓN--GENERO/FORMA |
| 9 (RLIN) |
226866 |
| Datos o término principal de género/forma |
Revistas |
| 775 1# - ENTRADA/ENLACE A OTRA EDICIÓN |
| Título |
Lettre internationale (Paris. 1984) |
| Número Internacional Normalizado para Publicaciones Seriadas |
0762-3690 |
| 787 1# - ENTRA/ENLACE A OTRAS RELACIONES |
| Título |
Lettera internazionale (Testo stampato) |
| Número Internacional Normalizado para Publicaciones Seriadas |
1592-2898 |
| 787 1# - ENTRA/ENLACE A OTRAS RELACIONES |
| Título |
Lettre international (Sarajevsko izd.) |
| Número Internacional Normalizado para Publicaciones Seriadas |
2490-2276 |
| 852 ## - LOCALIZACIÓN |
| Ubicación |
ES-MaACL |
| Número de control de estantería |
HEM-1728 |
| itemnumber |
1383 |
| Ubicación en estantería |
Hemeroteca |
| Nota libre |
Compra: 2005-2011. Donación: 2012- |
| -- |
Revista viva |
| Donativo/Legado
|
Donación: Editorial |
| 856 41 - LOCALIZACIÓN Y ACCESO ELECTRÓNICOS |
| Materiales especificados |
1986-2013 |
| Identificador Uniforme de Recursos |
<a href="http://prensahistorica.mcu.es/es/consulta/registro.cmd?id=1028995">http://prensahistorica.mcu.es/es/consulta/registro.cmd?id=1028995</a> |
| Texto de enlace |
Prensa Histórica |
| 856 ## - LOCALIZACIÓN Y ACCESO ELECTRÓNICOS |
| Identificador Uniforme de Recursos |
<a href="https://dialnet.unirioja.es/servlet/revista?codigo=1923">https://dialnet.unirioja.es/servlet/revista?codigo=1923</a> |
| Texto de enlace |
Sumarios de la revista en Dialnet. |
| 866 #0 - MENCIÓN TEXTUAL DE FONDOS--UNIDAD BIBLIOGRÁFICA BÁSICA |
| Fondos |
1986-1994(1995),2000-2024. |
| 942 ## - ELEMENTOS DE ENTRADA SECUNDARIOS (KOHA) |
| Fuente del sistema de clasificación o colocación |
Clasificación decimal universal |
| Suprimir en OPAC |
No |
| Tipo de ítem Koha |
Revista |
| 955 ## - CATALOGADOR - EDICIÓN |
| Nombre de catalogador |
CRON CRON |